书目信息 |
| 题名: |
减轻地质灾害与可持续发展
|
|
| 作者: | 张业成 编著 | |
| 分册: | ||
| 出版信息: | 北京 中国科学技术出版社 1999.10 |
|
| 页数: | 115页 | |
| 开本: | 32开 | |
| 丛书名: | ||
| 单 册: | ||
| 中图分类: | X22 | |
| 科图分类: | ||
| 主题词: | 环境--综合研究 | |
| 电子资源: | ||
| ISBN: | 7-5046-2739-9 | |
| 000 | 00591nam0 2200193 45 | |
| 001 | 0008021517 | |
| 005 | 20000802153438.3 | |
| 010 | @a7-5046-2739-9@d8.00元 | |
| 100 | @a20000802d1999 km y0chiy0120 ea | |
| 101 | 0 | @achi |
| 105 | @a z 000yy | |
| 200 | 1 | @a减轻地质灾害与可持续发展@AJian Qing Di Zhi Zai Hai Yu Ke Chi Xu Fa Zhan@f张业成等编著@FZhang Ye Cheng Deng Bian Zhu |
| 210 | @a北京@c中国科学技术出版社@d1999.10 | |
| 215 | @a115页@d32开 | |
| 606 | 0 | @a环境@x综合研究 |
| 690 | @aX22@v3 | |
| 701 | 0 | @a张业成@4编著 |
| 801 | @aCN@bPftUser@c20000802 | |
| 905 | @b86585-587@dX22@eZH127@f3 | |
| 减轻地质灾害与可持续发展/张业成等编著.-北京:中国科学技术出版社,1999.10 |
| 115页;32开 |
| ISBN 7-5046-2739-9:8.00元 |
| ● |
| 相关链接 |
|
|
|
正题名:减轻地质灾害与可持续发展
索取号:X22/ZH127
 
预约/预借
| 序号 | 登录号 | 条形码 | 馆藏地/架位号 | 状态 | 备注 |
| 1 | 86585 | 200865858 | 市政与环境工程学院资料室/ [索取号:X22/ZH127] | 在馆 | |
| 2 | 86586 | 200865867 | 期刊室512/501自科库 64排7列5层/ [索取号:X22/ZH127] | 在馆 | |
| 3 | 86587 | 200865876 | 期刊室512/501自科库 64排7列5层/ [索取号:X22/ZH127] | 在馆 |